|
|
|
|
| LEADER |
00000nam0a2200000 4500 |
| 001 |
77727 |
| 005 |
20231031093307.0 |
| 010 |
|
|
|a 5283014967
|
| 035 |
|
|
|a (RuTPU)RU\TPU\book\83329
|
| 090 |
|
|
|a 77727
|
| 100 |
|
|
|a 20050526d1989 m y0rusy50 ca
|
| 101 |
0 |
|
|a rus
|
| 102 |
|
|
|a RU
|
| 105 |
|
|
|a a z 001zy
|
| 200 |
1 |
|
|a Операционные блоки автоматических управляющих устройств
|f Г. И. Тахванов
|
| 210 |
|
|
|a Москва
|c Энергоатомиздат
|d 1989
|
| 215 |
|
|
|a 208 с.
|c ил.
|
| 320 |
|
|
|a Библиогр.: с. 208
|
| 610 |
1 |
|
|a автоматические управляющие устройства
|
| 610 |
1 |
|
|a операционные блоки
|
| 610 |
1 |
|
|a базовые элементы
|
| 610 |
1 |
|
|a функциональные преобразователи
|
| 610 |
1 |
|
|a множительные устройства
|
| 610 |
1 |
|
|a делительные устройства
|
| 610 |
1 |
|
|a точность
|
| 610 |
1 |
|
|a надежность
|
| 675 |
|
|
|a 681.51:681.3
|v 3
|
| 700 |
|
1 |
|a Тахванов
|b Г. И.
|g Георгий Иванович
|
| 801 |
|
1 |
|a RU
|b 63413507
|c 20050526
|g PSBO
|
| 801 |
|
2 |
|a RU
|b 63413507
|c 20160901
|g PSBO
|
| 942 |
|
|
|c BK
|